=LDR 00000nam 2200000 4500 =001 INLIS000000000047860 =005 20160223084253.0 =006 =007 =008 =035 ##$$0010-021600000000249 =040 ##$$a NPBDMAT =082 ##$$a R. 351.720.26 =090 ##$$a R. 351.720.26 $b Ran r =245 ##$$a Rancangan Undang-Undang Republik Indonesia Tahun 2008 Tentang Anggaran Pendapatan dan Belanja Negara Tahun Anggaran 2009 =260 ##$$a Jakarta : $b Departemen Keuangan Republik Indonesia, $c 2009 =300 ##$$a 45 hlm $c 28 cm =650 ##$$a Anggaran Pendapatan dan Belanja Negara - Undang-Undang